000 00772nam a2200217Ia 4500
003 GCL
005 20240530102216.0
008 140319s9999 xx 000 0 ara d
040 _aGCL /
_cGCL
082 0 4 _a330.9569
_bج م
100 1 _aجوده عبدالخالق
245 1 0 _aمن يساعد اسرائيل :
_bالتمويل الخارجى لاسرائيل منذ انشائها فى دعم امكانياتها /
_cجوده عبدالخالق
260 _a[S.N] :
_bدار المستقبل العربى ،
_c1985
300 _a146 ص
650 0 4 _aالاقتصاد
650 0 4 _aاسرائيل
650 0 4 _aالاحوال الاقتصادية
650 0 4 _aالتمويل الدولى
650 0 4 _aالموارد الاقتصادية
942 _2ddc
_cBK
999 _c30563
_d30563